Movies Quiz

Random Movies or Quote Quiz

8 to 1: Famous Quotes in Movies Quiz Stats

 Plays Quiz Updated Feb 19, 2018

Challenge
Share
Tweet
Embed
Score 0/36 Timer 05:00
13 Plays Today
% Correct
Frankly
96.2%
I
96.1%
Give
95.8%
Don't
95.6%
Damn
95.5%
Dear
95.2%
Bigger
95.1%
A
94.8%
Be
94.7%
A
94.7%
I'll
94.7%
Back
94.6%
Need
94.3%
Dead
94%
See
94%
Boat
93.9%
I
93.8%
People
93.6%
% Correct
Freedom
93.5%
My
93.2%
Gonna
92.9%
Precious
92.5%
Build
92.3%
My
92%
Come
91%
It
90.9%
Will
90.8%
My
90%
If
89.6%
You
89.2%
You're
88.6%
Make
87.6%
Ahead
87.6%
Day
87.3%
Go
87.2%
He
82.3%

You're not logged in!

Compare scores with friends on all Sporcle quizzes.
OR
Log In

You Might Also Like...

Show Comments

Extras

Top Quizzes Today


Score Distribution

Your Account Isn't Verified!

In order to create a playlist on Sporcle, you need to verify the email address you used during registration. Go to your Sporcle Settings to finish the process.

Report this User

Report this user for behavior that violates our Community Guidelines.

Details: